LEADER 00939nam0 2200253 450 001 000024208 005 20090310122224.0 010 $a0-7645-9563-6 100 $a20090310d2005----km-y0itay50------ba 101 0 $aeng 102 $aUS 200 1 $aProfessional DotNetNuke ASP.Net portals$fShaun Walker [et al.] 210 $aIndianapolis$cWiley publishing$dc2005 215 $aXXV, 421 p.$d25 cm 300 $aSulla cop.: written and tested for final release of DotNetNuke version 3 and the previous version 2 release 500 10$aProfessional DotNetNuke ASP.Net portals$959745 610 1 $aDesign portali web 676 $a005.276$v21$9PROGRAMMAZIONE PER I SISTEMI DI ELABORAZIONE DISTRIBUITA 702 1$aWalker,$bShaun$f<1971- > 801 0$aIT$bUNIPARTHENOPE$c20090310$gRICA$2UNIMARC 912 $a000024208 951 $aDSA 005-P/1$b3780$cDSA$d2009 996 $aProfessional DotNetNuke ASP.Net portals$959745 997 $aUNIPARTHENOPE